Enhanced model for data exploration and analytics in maritime movement information (Record no. 393539)

MARC details
000 -LEADER
fixed length control field 00570nam a22001937a 4500
005 - DATE & TIME
control field 20250924160514.0
008 - FIXED-LENGTH DATA ELEMENTS--GENERAL INFORMATION
fixed length control field 250924b |||||||| |||| 00| 0 eng d
040 ## - CATALOGING SOURCE
Original cataloging agency VIVEKANANDA LIBRARY
082 ## - DDC NUMBER
Classification number 006.312
Book Number N42E
100 ## - MAIN ENTRY--PERSONAL NAME
Personal name Newaliya, Nitin
245 ## - TITLE STATEMENT
Title Enhanced model for data exploration and analytics in maritime movement information
260 ## - PUBLICATION, DISTRIBUTION, ETC. (IMPRINT)
Name of publisher, distributor, etc Department of UIET, M D University, Rohtak
Date of publication, distribution, etc 2024
300 ## - PHYSICAL DESCRIPTION
Pages xix, 165
650 ## - Subject
Subject Computer Science
650 ## - Subject
Subject Data Exploration and Analytics
700 ## - Added Entry Personal Name
Added Entry Personal Name Yudhvir Singh
700 ## - Added Entry Personal Name
Added Entry Personal Name Siwach, Vikas
942 ## - ADDED ENTRY ELEMENTS (KOHA)
Koha item type Thesis
Holdings
Withdrawn status Lost status Source of classification or shelving scheme Damaged status Not for loan Location (home branch) Sublocation or collection (holding branch) Shelving location Date acquired Koha issues (times borrowed) Koha full call number Accession No. Koha date last seen Copy number Koha item type
    Dewey Decimal Classification     VIVEKANANDA LIBRARY VIVEKANANDA LIBRARY Vivekananda Library 24/09/2025   006.312 N42E 411153 24/09/2025 R Thesis
© Designed and Maintained by Vivekananda Library, MDU Rohtak